000 01034nam a22003138i 4500
001 021190360
003 EG-ScBUE
005 20260209093131.0
008 230810s2024 enka f b 001 0 eng d
020 _a9781032438481
040 _aStDuBDS
_beng
_erda
_cStDuBDS
_dEG-ScBUE
082 0 4 _a658.802
_222
_bFAR
100 1 _aFarkas, Dan,
_eauthor.
245 1 0 _aStrategic content marketing :
_bcreating effective content in practice /
_cDan Farkas and Rebecca Geier.
264 1 _aLondon :
_bRoutledge,
_c2024.
300 _a266 pages :
_billustrations (black and white) ;
_c25 cm
336 _atext
_2rdacontent
_btxt
336 _astill image
_2rdacontent
_btxt
337 _aunmediated
_2rdamedia
_bn
338 _avolume
_2rdacarrier
_bnc
504 _aIncludes bibliographical references and index.
650 7 _aMarketing.
_2BUEsh
650 7 _aInternet marketing.
_2BUEsh
653 _cFebruary2026
_bCOMAME
655 _vReading book
700 1 _aGeier, Rebecca,
_eauthor.
942 _2ddc
_cBB
999 _c31092
_d31063